| 000 | 00966nas a2200325 4500 | ||
|---|---|---|---|
| 001 | BR2012006641 | ||
| 003 | BR-BrBNA | ||
| 005 | 20231205121127.0 | ||
| 007 | ta | ||
| 008 | 230509b bl.|||p| |||| 00| 00por d | ||
| 040 |
_aBR-BrBNA _bpor _cBiblioteca Nacional de Agricultura |
||
| 041 | _a(Pt) | ||
| 072 | _aQ04 | ||
| 100 | 1 | _aBorges, S.V. | |
| 100 | 1 | _aOliveira, L.F. | |
| 100 | 1 | _aSantos, N.M. | |
| 100 | 1 | _aMatos, F.A. | |
| 100 | 1 | _aLima, A.L. | |
| 100 | 1 | _aOliveira, L.F. | |
| 100 | 1 | _aPimentel, C. | |
| 100 | 1 | _aDias, M.V. | |
| 245 | 1 | _aInfluência de diferentes pré-tratamentos sobre a qualidade de banana nanica desidratada | |
| 650 | _aBANANA NANICA | ||
| 650 | _aSECAGEM | ||
| 650 | _aCOMPOSIÇÃO QUÍMICA | ||
| 650 | _aANÁLISE ORGANOLÉPTICA | ||
| 773 | 0 |
_tHigiene Alimentar (Brazil) _xISSN 0101-9171 _g(May-Jun 2012), v. 26(208-209) p. 132-137 _wBR2012006641 |
|
| 909 |
_a202311 _bLúcia _c55 _dLúcia Elande |
||
| 942 |
_2AGRIS _n0 _cANA |
||
| 999 |
_c221957 _d221957 |
||